000 00310nam a22001337a 4500
008 170714b xxu||||| |||| 00| 0 eng d
020 _a0582550491
041 _aeng
080 _a82
100 _a23
101 _aGJL
245 _aGENERAL LINGUISTICS. AN INTRODUCTORY SURVEY
_cROBINS, R.H
942 _2udc
_cBK
999 _c20953
_d20953